Leader xxxxxxxxxx
001 __ PCLIS00055786
005 __ 20220315105855.0
010 0_ |a978-986-499-040-5|b精裝|dNT$300
100 __ |a20190910d2019 d y0chiy09 e
101 2_ |achi|aeng
102 __ |atw
105 __ |aa z 000fy
200 1_ |a神奇的五彩筆|f張樹勤文|g楊永青繪 ; 王一方英譯
205 __ |a初版
210 __ |a臺北市|c龍少年出版|c龍圖騰文化發行|a新北市汐止區|c聯寶國際文化總經銷|d2019.05[民108]
215 0_ |a[28]面|c彩圖|d23公分
225 1_ |a繪本館
225 2_ |a繪本中國故事
300 __ |a中英對照
461 _1 |12001 |a繪本中國故事
606 __ |2cst|a兒童故事
606 __ |2cst|a繪本
681 __ |a859.9|b8736
700 _1 |a張|b樹勤|4文
702 _1 |a楊|b永青|4繪
702 _1 |a王|b一方|4譯
801 _0 |bTWTCL|c20190910|gCCR
801 _1 |atw|b內湖高中|c20220128|gCCR
801 _2 |atw|b內湖高中|c20220128|gCCR
|